The Panenmentalist Philosophy of Science (Record no. 461296)

MARC details
000 -LEADER
fixed length control field 04018nam a22005055i 4500
001 - CONTROL NUMBER
control field 978-3-030-41124-4
003 - CONTROL NUMBER IDENTIFIER
control field DE-He213
005 - DATE AND TIME OF LATEST TRANSACTION
control field 20200904105048.0
007 - PHYSICAL DESCRIPTION FIXED FIELD--GENERAL INFORMATION
fixed length control field cr nn 008mamaa
008 - FIXED-LENGTH DATA ELEMENTS--GENERAL INFORMATION
fixed length control field 200306s2020 gw | s |||| 0|eng d
020 ## - INTERNATIONAL STANDARD BOOK NUMBER
International Standard Book Number 9783030411244
-- 978-3-030-41124-4
024 7# - OTHER STANDARD IDENTIFIER
Standard number or code 10.1007/978-3-030-41124-4
Source of number or code doi
050 #4 - LIBRARY OF CONGRESS CALL NUMBER
Classification number B67
072 #7 - SUBJECT CATEGORY CODE
Subject category code PDA
Source bicssc
072 #7 - SUBJECT CATEGORY CODE
Subject category code SCI075000
Source bisacsh
072 #7 - SUBJECT CATEGORY CODE
Subject category code PDA
Source thema
082 04 - DEWEY DECIMAL CLASSIFICATION NUMBER
Classification number 501
Edition number 23
100 1# - MAIN ENTRY--PERSONAL NAME
Personal name Gilead, Amihud.
Relator term author.
Relator code aut
-- http://id.loc.gov/vocabulary/relators/aut
245 14 - TITLE STATEMENT
Title The Panenmentalist Philosophy of Science
Medium [electronic resource] :
Remainder of title From the Recognition of Individual Pure Possibilities to Actual Discoveries /
Statement of responsibility, etc by Amihud Gilead.
250 ## - EDITION STATEMENT
Edition statement 1st ed. 2020.
264 #1 -
-- Cham :
-- Springer International Publishing :
-- Imprint: Springer,
-- 2020.
300 ## - PHYSICAL DESCRIPTION
Extent XII, 315 p. 2 illus.
Other physical details online resource.
336 ## -
-- text
-- txt
-- rdacontent
337 ## -
-- computer
-- c
-- rdamedia
338 ## -
-- online resource
-- cr
-- rdacarrier
347 ## -
-- text file
-- PDF
-- rda
490 1# - SERIES STATEMENT
Series statement Synthese Library, Studies in Epistemology, Logic, Methodology, and Philosophy of Science,
Міжнародний стандартний серійний номер для назви серії (ISSN) 0166-6991 ;
Том/ позначення послідовності 424
505 0# - FORMATTED CONTENTS NOTE
Formatted contents note Acknowledgments -- 1. Introduction -- 2. How Many Pure Possibilities Are There? Or Contra Actualism -- 3. A Panenmentalist Consideration of the Identity of Indiscernibles -- 4. Two Kinds of Discovery: An Ontological Account -- 5. Mathematical Possibilities and their Discovery -- 6. A Panenmentalist Approach to Molyneux’s Problem and Some Empirical Findings -- 7. Pure Possibilities and Some Striking Scientific Discoveries -- 8. The Philosophical Significance of Alan Mackay’s Theoretical Discovery of Quasicrystals -- 9. Shechtman’s Three Question Marks: Possibility, Impossibility, and Quasicrystals -- 10. Eka-Elements as Chemical Pure Possibilities -- 11. Quantum Pure Possibility and Macroscopic Physics -- 12. Brain-images and the Human Mind -- 13. Neoteny and the Playground of Pure Possibilities -- 14. Milgram’s Experience and Saving Possibilities -- 15. Singularity and Uniqueness: Why Is Our Immune System Subject to Psychological and Cognitive Traits? -- References -- Index.
520 ## - SUMMARY, ETC.
Summary, etc This book presents a philosophy of science, based on panenmentalism: an original modal metaphysics, which is realist about individual pure (non-actual) possibilities and rejects the notion of possible worlds. The book systematically constructs a new and novel way of understanding and explaining scientific progress, discoveries, and creativity. It demonstrates that a metaphysics of individual pure possibilities is indispensable for explaining and understanding mathematics and natural sciences. It examines the nature of individual pure possibilities, actualities, mind-dependent and mind-independent possibilities, as well as mathematical entities. It discusses in detail the singularity of each human being as a psychical possibility. It analyses striking scientific discoveries, and illustrates by means of examples of the usefulness and vitality of individual pure possibilities in the sciences.
650 #0 - SUBJECT ADDED ENTRY--TOPICAL TERM
Topical term or geographic name as entry element Philosophy and science.
650 #0 - SUBJECT ADDED ENTRY--TOPICAL TERM
Topical term or geographic name as entry element Mathematical logic.
650 14 - SUBJECT ADDED ENTRY--TOPICAL TERM
Topical term or geographic name as entry element Philosophy of Science.
-- https://scigraph.springernature.com/ontologies/product-market-codes/E34000
650 24 - SUBJECT ADDED ENTRY--TOPICAL TERM
Topical term or geographic name as entry element Mathematical Logic and Foundations.
-- https://scigraph.springernature.com/ontologies/product-market-codes/M24005
710 2# - ADDED ENTRY--CORPORATE NAME
Corporate name or jurisdiction name as entry element SpringerLink (Online service)
773 0# - HOST ITEM ENTRY
Title Springer Nature eBook
776 08 - ADDITIONAL PHYSICAL FORM ENTRY
Display text Printed edition:
International Standard Book Number 9783030411237
776 08 - ADDITIONAL PHYSICAL FORM ENTRY
Display text Printed edition:
International Standard Book Number 9783030411251
776 08 - ADDITIONAL PHYSICAL FORM ENTRY
Display text Printed edition:
International Standard Book Number 9783030411268
830 #0 - SERIES ADDED ENTRY--UNIFORM TITLE
Uniform title Synthese Library, Studies in Epistemology, Logic, Methodology, and Philosophy of Science,
-- 0166-6991 ;
Volume number/sequential designation 424
856 40 - ELECTRONIC LOCATION AND ACCESS
Uniform Resource Identifier <a href="https://doi.org/10.1007/978-3-030-41124-4">https://doi.org/10.1007/978-3-030-41124-4</a>
912 ## -
-- ZDB-2-REP
912 ## -
-- ZDB-2-SXPR

No items available.